| Tag |
First Indicator |
Second Indicator |
Subfields |
| LEADER |
00000nam a2200000 a 4500 |
| 001 |
in00004678721 |
| 006 |
m o d |
| 007 |
cr cnu|||unuuu |
| 008 |
031017s2001 nyua ob 001 0 eng d |
| 005 |
20260214215357.5 |
| 020 |
|
|
|a 0471460729
|q (electronic bk.)
|
| 020 |
|
|
|a 9780471460725
|q (electronic bk.)
|
| 020 |
|
|
|a 0471378283
|q (cloth ;
|q alk. paper)
|
| 020 |
|
|
|a 9780471378280
|q (cloth ;
|q alk. paper)
|
| 020 |
|
|
|a 0471220442
|q (electronic bk.)
|
| 020 |
|
|
|a 9780471220442
|q (electronic bk.)
|
| 024 |
7 |
|
|a 10.1002/0471220442
|2 doi
|
| 035 |
|
|
|a wil6007436
|
| 035 |
|
|
|a (NhCcYBP)wil6007436
|
| 040 |
|
|
|a NhCcYBP
|b eng
|c NhCcYBP
|
| 050 |
|
4 |
|a QP702.O44
|b S65 2001eb
|
| 072 |
|
7 |
|a SCI
|x 007000
|2 bisacsh
|
| 082 |
0 |
4 |
|a 572/.565
|2 22
|
| 245 |
0 |
0 |
|a Solid support oligosaccharide synthesis and combinatorial carbohydrate libraries /
|c edited by Peter H. Seeberger.
|
| 260 |
|
|
|a New York :
|b Wiley,
|c ©2001.
|
| 300 |
|
|
|a 1 online resource (xii, 308 pages) :
|b illustrations
|
| 336 |
|
|
|a text
|b txt
|2 rdacontent
|
| 337 |
|
|
|a computer
|b c
|2 rdamedia
|
| 338 |
|
|
|a online resource
|b cr
|2 rdacarrier
|
| 504 |
|
|
|a Includes bibliographical references and index.
|
| 505 |
0 |
|
|a Solid-phase carbohydrate synthesis : the early work / Wilm-Christian Haase and Peter H. Seeberger -- The glycal assembly method on solid supports : synthesis of oligosaccharides and glycoconjugates / Pier F. Cirillo and Samuel J. Danishefsky -- The sulfoxide glycosylation method and its application to solid-phase oligosaccharide synthesis and the generation of combinatorial libraries / Carol M. Taylor -- The use of O-glycosyl trichloroacetimidates for the polymer-supported synthesis of oligosaccharides / Laurent Knerr and Richard R. Schmidt -- Synthesis of oligosaccharides on solid support using thioglycosides and pentenyl glycosides / Valentin Wittmann -- Solid-phase oligosaccharide synthesis using glycosyl phosphates / Wilm-Christian Haase, Obadiah J. Plante, and Peter H. Seeberger -- Stereoselective [beta]-mannosylation on polymer support / Yukishige Ito and Hiromune Ando -- Tools for on-bead monitoring and analysis in solid-phase oligosaccharide synthesis / Wilm-Christian Haase, Peter H. Seeberger, and Susan S. Pochapsky -- Polyethyleneglycol [omega]-monomethylether (MPEG)-supported solution-phase synthesis of oligosaccharides / Jiri J. Krepinsky and Stephen P. Douglas -- Two-direction glycosylations for the preparation of libraries of oligosaccharides / Geert-Jan Boons and Tong Zhu -- Carbohydrate libraries in solution using thioglycosides : from multistep synthesis to programmable, one-pot synthesis / Eric E. Simanek and Chi-Huey Wong -- Carbohydrate libraries by the random glycosylation approach / Osamu Kanie and Ole Hindsgaul -- Solid-phase synthesis of biologically important glycopeptides / Nicole Bézay and Horst Kunz -- Preparation and screening of glycopeptide libraries / Phaedria M. St. Hilaire, Koen M. Halkes, and Morten Meldal.
|
| 588 |
0 |
|
|a Print version record.
|
| 520 |
|
|
|a Solid-phase synthesis of carbohydrates presents unique challenges to synthetic chemists and currently represents one of the hottest areas of research in bioorganic chemistry. Solid Support Oligosaccharide Synthesis and Combinatorial Carbohydrate Libraries addresses the exciting expectation that solid-phase assembly of oligosaccharides will have a fundamental impact on the field of glycobiology. This publication details the methodologies currently investigated for the attachment of carbohydrates to beads, synthesis including coupling strategies, and removal of the product from beads.
|
| 650 |
|
0 |
|a Oligosaccharides
|x Synthesis.
|
| 650 |
|
0 |
|a Glycoconjugates.
|
| 650 |
|
0 |
|a Combinatorial chemistry.
|
| 650 |
|
0 |
|a Solid-phase synthesis.
|
| 650 |
|
2 |
|a Glycoconjugates
|
| 655 |
|
4 |
|a Electronic books.
|
| 700 |
1 |
|
|a Seeberger, Peter H.,
|d 1966-
|
| 776 |
0 |
8 |
|i Print version:
|t Solid support oligosaccharide synthesis and combinatorial carbohydrate libraries.
|d New York : Wiley, ©2001
|z 0471378283
|w (DLC) 2001023796
|
| 856 |
4 |
0 |
|u http://proxy.library.tamu.edu/login?url=https://onlinelibrary.wiley.com/book/10.1002/0471220442
|z Connect to the full text of this electronic book
|t 0
|
| 880 |
0 |
|
|6 505-00
|a Solid-phase carbohydrate synthesis : the early work / Wilm-Christian Haase and Peter H. Seeberger -- The glycal assembly method on solid supports : synthesis of oligosaccharides and glycoconjugates / Pier F. Cirillo and Samuel J. Danishefsky -- The sulfoxide glycosylation method and its application to solid-phase oligosaccharide synthesis and the generation of combinatorial libraries / Carol M. Taylor -- The use of O-glycosyl trichloroacetimidates for the polymer-supported synthesis of oligosaccharides / Laurent Knerr and Richard R. Schmidt -- Synthesis of oligosaccharides on solid support using thioglycosides and pentenyl glycosides / Valentin Wittmann -- Solid-phase oligosaccharide synthesis using glycosyl phosphates / Wilm-Christian Haase, Obadiah J. Plante, and Peter H. Seeberger -- Stereoselective β-mannosylation on polymer support / Yukishige Ito and Hiromune Ando -- Tools for "on-bead" monitoring and analysis in solid-phase oligosaccharide synthesis / Wilm-Christian Haase, Peter H. Seeberger, and Susan S. Pochapsky -- Polyethyleneglycol [omega]-monomethylether (MPEG)-supported solution-phase synthesis of oligosaccharides / Jiri J. Krepinsky and Stephen P. Douglas -- Two-direction glycosylations for the preparation of libraries of oligosaccharides / Geert-Jan Boons and Tong Zhu -- Carbohydrate libraries in solution using thioglycosides : from multistep synthesis to programmable, one-pot synthesis / Eric E. Simanek and Chi-Huey Wong -- Carbohydrate libraries by the random glycosylation approach / Osamu Kanie and Ole Hindsgaul -- Solid-phase synthesis of biologically important glycopeptides / Nicole Bézay and Horst Kunz -- Preparation and screening of glycopeptide libraries / Phaedria M. St. Hilaire, Koen M. Halkes, and Morten Meldal.
|
| 955 |
|
|
|a Wiley EBA record
|
| 975 |
|
|
|p Wiley UBCM Full Collection 2026
|
| 999 |
f |
f |
|s 38571345-0a1f-477f-a1da-3b8a00277ff7
|i d3c62877-6b9d-441d-a53e-358061f96f72
|t 0
|
| 952 |
f |
f |
|a Texas A&M University
|b College Station
|c Electronic Resources
|s evans_pda
|d Available Online
|t 0
|e QP702.O44 S65 2001eb
|h Library of Congress classification
|
| 998 |
f |
f |
|a QP702.O44 S65 2001eb
|t 0
|l Available Online
|